James Bond Visited Cities by Picture - Statistics

General Stats
  • This quiz has been taken 125 times
  • The average score is 8 of 16
Answer Stats
Picture Hint Answer % Correct
A View to a Kill Paris
99%
Casino Royale Venice
82%
No Time to Die London
77%
Spectre Mexico City
71%
Moonraker Rio de Janeiro
70%
Diamonds Are Forever Las Vegas
51%
You Only Live Twice Tokyo
50%
Spectre Rome
49%
The Spy Who Loved Me Cairo
38%
GoldenEye Monaco
35%
Die Another Day Hong Kong
34%
Skyfall Shanghai
33%
Die Another Day Havana
32%
From Russia with Love Istanbul
32%
GoldenEye Saint Petersburg
32%
The Living Daylights Vienna
19%
No matching quizzes found
Score Distribution
Percent of People with Each Score
Percentile by Number Answered
Your Score History
You have not taken this quiz